| 000 -LEADER |
| fixed length control field |
00400pab a2200157 454500 |
| 008 - FIXED-LENGTH DATA ELEMENTS--GENERAL INFORMATION |
| fixed length control field |
180718b2006 xxu||||| |||| 00| 0 eng d |
| 100 ## - MAIN ENTRY--PERSONAL NAME |
| Personal name |
Gwartney, James D. |
| 245 ## - TITLE STATEMENT |
| Title |
Institutions and the impact of investment on growth |
| 260 ## - PUBLICATION, DISTRIBUTION, ETC. |
| Date of publication, distribution, etc. |
2006 |
| 300 ## - PHYSICAL DESCRIPTION |
| Extent |
p.255-73. |
| 650 ## - SUBJECT ADDED ENTRY--TOPICAL TERM |
| Topical term or geographic name entry element |
Investment |
| 700 ## - ADDED ENTRY--PERSONAL NAME |
| Personal name |
Lawson, Robert A. |
| 700 ## - ADDED ENTRY--PERSONAL NAME |
| Personal name |
Holcombe, Randall G. |
| 773 ## - HOST ITEM ENTRY |
| Main entry heading |
Kyklos |
| 909 ## - |
| -- |
70359 |